[Event "IV Trofeo Giorgio Porreca A"]
[Site "Napoli ITA"]
[Date "2014.10.09"]
[Round "3"]
[White "Cosenza, Gianni"]
[Black "Auletta, Pasquale"]
[Result "1-0"]
[WhiteElo "1946"]
[BlackElo "1606"]
[PlyCount "67"]
[EventDate "2014.09.25"]

1. e4 c5 2. Nf3 d6 3. d4 cxd4 4. Nxd4 Nf6 5. Nc3 a6 6. Be3 e5 7. Nb3 Be6 8. Be2
Be7 9. f3 b5 10. Qd2 Nbd7 11. g4 Nb6 12. g5 Nfd7 13. Nd5 Nxd5 14. exd5 Bf5 15.
Na5 Qc7 16. Nc6 Rc8 17. a4 Nb8 18. axb5 axb5 19. Ra7 Qxa7 20. Bxa7 Nxc6 21.
dxc6 Ra8 22. Be3 Ra1+ 23. Bd1 O-O 24. O-O Bh3 25. Re1 Rc8 26. Qd5 b4 27. Kf2
Ra6 28. Be2 Raxc6 29. Bd3 Be6 30. Qe4 g6 31. Qxb4 Bf8 32. Qa4 d5 33. c3 Bd7 34.
Bb5 1-0

[Event "IV Trofeo Giorgio Porreca A"]
[Site "Napoli ITA"]
[Date "2014.10.09"]
[Round "3"]
[White "Pellegrino, Giovanni"]
[Black "Melchior, Alex"]
[Result "0-1"]
[WhiteElo "1406"]
[BlackElo "1920"]
[PlyCount "50"]
[EventDate "2014.09.25"]

1. d4 d5 2. Nf3 c6 3. e3 e6 4. Bd3 Bd6 5. O-O f5 6. b3 Nf6 7. Ba3 O-O 8. Bxd6
Qxd6 9. Ne5 Nbd7 10. f4 Qe7 11. c4 c5 12. Nc3 Nxe5 13. fxe5 Ng4 14. Re1 Qh4 15.
h3 Nxe3 16. Rxe3 cxd4 17. Re2 dxc3 18. Qc2 d4 19. Rf1 Qe7 20. Rf4 Qc5 21. Qd1
b6 22. Qc2 Bb7 23. g4 fxg4 24. Bxh7+ Kh8 25. Rxg4 d3+ 0-1

[Event "IV Trofeo Giorgio Porreca A"]
[Site "Napoli ITA"]
[Date "2014.10.09"]
[Round "3"]
[White "Capozzoli, Silvio"]
[Black "Taurisano, Vincenzo"]
[Result "0-1"]
[WhiteElo "1641"]
[BlackElo "1908"]
[PlyCount "48"]
[EventDate "2014.09.25"]

1. c4 Nf6 2. Nc3 g6 3. g3 Bg7 4. Bg2 O-O 5. d3 e5 6. e3 Nc6 7. Nge2 d6 8. O-O
Be6 9. Qe1 d5 10. cxd5 Nxd5 11. Qd1 Qd7 12. e4 Ndb4 13. Be3 Nxd3 14. Qd2 Nd4
15. Qxd3 Nf3+ 16. Bxf3 Qxd3 17. Kg2 Rad8 18. Bc5 Rfe8 19. Rfd1 Bh3+ 20. Kxh3
Qxf3 21. Rxd8 Rxd8 22. Ng1 Qf6 23. Nd5 Qe6+ 24. Kg2 Rxd5 0-1

[Event "IV Trofeo Giorgio Porreca A"]
[Site "Napoli ITA"]
[Date "2014.10.09"]
[Round "3"]
[White "Sparice, Lorenzo"]
[Black "Schiappoli, Dario"]
[Result "0-1"]
[WhiteElo "1475"]
[BlackElo "1882"]
[PlyCount "72"]
[EventDate "2014.09.25"]

1. Nf3 Nf6 2. d4 c5 3. e3 g6 4. b3 Bg7 5. Bb2 O-O 6. Bd3 b6 7. O-O Bb7 8. Nbd2
d5 9. Ne5 Qd6 10. f4 Nfd7 11. Rb1 e6 12. Kh1 f6 13. Nxd7 Nxd7 14. Nf3 Rae8 15.
Qd2 e5 16. Bb5 exf4 17. exf4 Re4 18. dxc5 bxc5 19. Ne1 Bh6 20. Nd3 c4 21. Qb4
Qxb4 22. Nxb4 Nb6 23. bxc4 Nxc4 24. Bxc4 Rxc4 25. Ba3 Rd8 26. f5 g5 27. Rf2 Bf8
28. h3 Ba8 29. Re2 a5 30. Nc6 Bxc6 31. Bxf8 Kxf8 32. Re6 Rxc2 33. Rxf6+ Kg7 34.
Re6 d4 35. Rg1 d3 36. Re7+ Kf6 {...} 0-1

[Event "IV Trofeo Giorgio Porreca A"]
[Site "Napoli ITA"]
[Date "2014.10.09"]
[Round "3"]
[White "Di Meo, Antonio"]
[Black "Somma, Erminio"]
[Result "1-0"]
[WhiteElo "1874"]
[BlackElo "1522"]
[PlyCount "57"]
[EventDate "2014.09.25"]

1. d4 f5 2. e4 d6 3. exf5 Bxf5 4. Bd3 Bxd3 5. Qxd3 Nc6 6. Nf3 Qd7 7. Nc3 Nf6 8.
a3 g6 9. d5 Nd8 10. Bg5 Bg7 11. O-O-O O-O 12. h4 e5 13. Bxf6 Rxf6 14. Ne4 Rf8
15. h5 Qf5 16. hxg6 Qxg6 17. Nh4 Qg4 18. f3 Qd7 19. g4 b6 20. Nf5 Rxf5 21. gxf5
Qxf5 22. Rdg1 Kf8 23. Rg5 Qf4+ 24. Kb1 h6 25. Rg4 Qf7 26. Rhg1 Bf6 27. Nxf6
Qxf6 28. Rg8+ Ke7 29. Qh7+ 1-0

[Event "IV Trofeo Giorgio Porreca A"]
[Site "Napoli ITA"]
[Date "2014.10.09"]
[Round "3"]
[White "Carbone, Axel"]
[Black "Di Gennaro, Antonio"]
[Result "0-1"]
[WhiteElo "1467"]
[BlackElo "1666"]
[PlyCount "58"]
[EventDate "2014.09.25"]

1. d4 d5 2. c4 e6 3. Nf3 Nf6 4. e3 c6 5. Nc3 Nbd7 6. Bd2 Bd6 7. c5 Bc7 8. Bd3
O-O 9. e4 dxe4 10. Bxe4 Nxe4 11. Nxe4 h6 12. O-O Nf6 13. Nxf6+ Qxf6 14. Re1 Rd8
15. Bc3 Qe7 16. b4 a6 17. Qb3 Bd7 18. a4 Qf8 19. Ne5 Be8 20. f4 Rd5 21. g3 Rb8
22. Ng4 Qe7 23. Ne3 Rdd8 24. d5 cxd5 25. Nxd5 Qd7 26. Nxc7 Qxc7 27. Be5 Qc6 28.
Bxb8 Rd2 29. Re2 Rxe2 0-1

[Event "IV Trofeo Giorgio Porreca A"]
[Site "Napoli ITA"]
[Date "2014.10.16"]
[Round "4"]
[White "Buiano, Fabio"]
[Black "Ghiani, Marco"]
[Result "1-0"]
[WhiteElo "2083"]
[BlackElo "1683"]
[PlyCount "45"]
[EventDate "2014.09.25"]

1. e4 c6 2. d4 d5 3. e5 Bf5 4. Ne2 e6 5. Ng3 Bg6 6. h4 h6 7. h5 Bh7 8. Bd3 Bxd3
9. cxd3 Bb4+ 10. Nc3 Nd7 11. Qg4 Rh7 12. O-O Be7 13. f4 c5 14. f5 Qb6 15. fxe6
Qxe6 16. Qf3 cxd4 17. Nxd5 O-O-O 18. Nxe7+ Nxe7 19. Qxf7 Qxf7 20. Rxf7 Re8 21.
Bf4 Nd5 22. Ne4 Nxe5 23. Nd6+ 1-0

[Event "IV Trofeo Giorgio Porreca A"]
[Site "Napoli ITA"]
[Date "2014.10.16"]
[Round "4"]
[White "Supino, Domenico"]
[Black "Zinnai, Graziano Matteo"]
[Result "0-1"]
[WhiteElo "2059"]
[BlackElo "2082"]
[PlyCount "120"]
[EventDate "2014.09.25"]

1. e4 c5 2. Nf3 a6 3. d4 cxd4 4. Nxd4 Nf6 5. Bd3 Nc6 6. Nxc6 bxc6 7. O-O e5 8.
Qe2 Bc5 9. c4 d6 10. h3 Be6 11. Nc3 Nd7 12. Kh1 Qh4 13. Qf3 Nf6 14. Be3 Bg4 15.
Qg3 Qxg3 16. fxg3 Bxe3 17. hxg4 Nxg4 18. Nd1 Bd4 19. Rc1 h5 20. Be2 Ke7 21. Rc2
g5 22. Rf5 h4 23. Bxg4 hxg3+ 24. Bh3 g4 25. Rg5 Rag8 26. Rxg8 Rxg8 27. Nc3 Rh8
28. Ne2 Bf2 29. Ng1 Bxg1 30. Kxg1 gxh3 31. gxh3 Rxh3 32. Rc3 Ke6 33. b3 f5 34.
Kg2 Rh2+ 35. Kxg3 Rxa2 36. exf5+ Kxf5 37. Rd3 Ke6 38. Kf3 d5 39. cxd5+ cxd5 40.
Kg3 e4 41. Rc3 Ke5 42. Rc8 Ra3 43. Rb8 a5 44. Kf2 Kd4 45. b4 Ra2+ 46. Kg3 Rb2
47. b5 a4 48. b6 a3 49. b7 a2 50. Ra8 Rxb7 51. Rxa2 Rb3+ 52. Kf2 Kd3 53. Re2 d4
54. Ra2 Rc3 55. Ra4 Rc2+ 56. Ke1 Rc1+ 57. Kf2 e3+ 58. Kf3 e2 59. Ra3+ Kd2 60.
Ra2+ Rc2 0-1

[Event "IV Trofeo Giorgio Porreca A"]
[Site "Napoli ITA"]
[Date "2014.10.16"]
[Round "4"]
[White "Ficco, Corrado"]
[Black "Somma, Andrea"]
[Result "1/2-1/2"]
[WhiteElo "2027"]
[BlackElo "1866"]
[PlyCount "96"]
[EventDate "2014.09.25"]

1. c4 Nf6 2. Nc3 c6 3. e4 e5 4. Nf3 d6 5. d4 Nbd7 6. Be2 Be7 7. O-O O-O 8. h3
Re8 9. Qc2 Qc7 10. Be3 Nf8 11. Rac1 Ng6 12. Rfd1 a6 13. a4 b6 14. d5 c5 15. Bf1
h6 16. Kh2 Nh7 17. Qd2 Qd8 18. Rb1 f5 19. exf5 Bxf5 20. Bd3 Qd7 21. b4 Bf6 22.
Ne4 Bxe4 23. Bxe4 Nh4 24. bxc5 bxc5 25. Qc2 Nxf3+ 26. Bxf3 Bg5 27. Bg4 Qc7 28.
Bf5 Nf8 29. Bxg5 hxg5 30. Rb3 Rab8 31. Rdb1 Rxb3 32. Qxb3 Qf7 33. Qc2 e4 34.
Bg4 Qe7 35. g3 Qe5 36. Re1 Qd4 37. Be6+ Nxe6 38. Rxe4 Qf6 39. dxe6 Rxe6 40.
Rxe6 Qxe6 41. Qd3 Qe5 42. Kg2 Kf7 43. Qf3+ Ke6 44. Qc6 a5 45. Qc8+ Kf6 46. Qd8+
Ke6 47. Qc8+ Kf6 48. Qa8 Ke6 1/2-1/2

[Event "IV Trofeo Giorgio Porreca A"]
[Site "Napoli ITA"]
[Date "2014.10.16"]
[Round "4"]
[White "Auletta, Angelo"]
[Black "Soave, Vittorio"]
[Result "1-0"]
[WhiteElo "2168"]
[BlackElo "1658"]
[PlyCount "49"]
[EventDate "2014.09.25"]

1. e4 e6 2. Qe2 b6 3. Nf3 Bb7 4. g3 d5 5. exd5 Bxd5 6. Bg2 Nf6 7. O-O c5 8. Rd1
Nbd7 9. Nc3 Bb7 10. d4 Be7 11. dxc5 Bxc5 12. Bg5 Qe7 13. Bxf6 Nxf6 14. Qb5+ Kf8
15. Ne5 Bxg2 16. Kxg2 Bd6 17. Qc6 Rd8 18. Nc4 Bc5 19. Rxd8+ Qxd8 20. Rd1 Qe8
21. Qc7 Nd5 22. Nxd5 exd5 23. Nd6 Bxd6 24. Qxd6+ Qe7 25. Qxd5 1-0

[Event "IV Trofeo Giorgio Porreca A"]
[Site "Napoli ITA"]
[Date "2014.10.16"]
[Round "4"]
[White "Cosenza, Gianni"]
[Black "Lombardo, Michele"]
[Result "0-1"]
[WhiteElo "1946"]
[BlackElo "2052"]
[PlyCount "82"]
[EventDate "2014.09.25"]

1. e4 g6 2. d4 Bg7 3. Nc3 c6 4. Be3 d5 5. f3 Nf6 6. e5 Ng8 7. Qd2 h5 8. O-O-O
Nh6 9. Bd3 Bf5 10. Nge2 a6 11. Bf4 e6 12. Bg5 Qc7 13. Ng3 Bxd3 14. Qxd3 c5 15.
f4 b5 16. dxc5 Qxc5 17. Qd4 Qc6 18. Qb4 Bf8 19. Qb3 Nd7 20. Nce2 Rc8 21. Qc3
Qb7 22. Qa5 Ng4 23. Rd2 Ne3 24. b3 Bc5 25. Kb1 O-O 26. Nc1 Bb6 27. Qa3 a5 28.
Qb2 Rc6 29. Re1 Rfc8 30. Ree2 Qc7 31. f5 Nxf5 32. Nxf5 gxf5 33. Nd3 Rc3 34. Be3
Bxe3 35. Rxe3 Qb6 36. Rg3+ Kf8 37. Qc1 a4 38. Qa3+ b4 39. Qxa4 Nc5 40. Nxc5
Qxc5 41. Rxc3 Qg1+ 0-1

[Event "IV Trofeo Giorgio Porreca A"]
[Site "Napoli ITA"]
[Date "2014.10.16"]
[Round "4"]
[White "Esposito, Luca"]
[Black "Solombrino, Giovanni"]
[Result "1-0"]
[WhiteElo "2195"]
[BlackElo "1864"]
[PlyCount "45"]
[EventDate "2014.09.25"]

1. d4 Nf6 2. c4 g6 3. Nc3 d5 4. cxd5 Nxd5 5. e4 Nxc3 6. bxc3 Bg7 7. Bc4 O-O 8.
Ne2 c5 9. O-O Nc6 10. Be3 Bg4 11. f3 Na5 12. Bxf7+ Rxf7 13. fxg4 Rxf1+ 14. Kxf1
Qd7 15. h3 Rf8+ 16. Kg1 Nc4 17. Bf2 Bh6 18. Qd3 b5 19. a4 Qe6 20. axb5 Qf7 21.
Bg3 Ne3 22. dxc5 Nf1 23. Bf4 1-0

[Event "IV Trofeo Giorgio Porreca A"]
[Site "Napoli ITA"]
[Date "2014.10.16"]
[Round "4"]
[White "Caiazzo, Diego"]
[Black "Taurisano, Vincenzo"]
[Result "1-0"]
[WhiteElo "1754"]
[BlackElo "1908"]
[PlyCount "96"]
[EventDate "2014.09.25"]

1. d4 Nf6 2. Nf3 d5 3. e3 e6 4. Bd3 c5 5. c3 Nc6 6. O-O Be7 7. Nbd2 O-O 8. Re1
b6 9. b3 Bb7 10. Bb2 Rc8 11. Rc1 Bd6 12. dxc5 bxc5 13. e4 Qc7 14. g3 Rfd8 15.
Qe2 Nd7 16. exd5 exd5 17. Bb1 Nce5 18. Nxe5 Nxe5 19. f4 Ng6 20. Bf5 Rb8 21. Nf3
Qb6 22. Kf1 Ba6 23. Bd3 c4 24. Bxg6 hxg6 25. b4 Bxb4 26. cxb4 c3 27. Bxc3 Bxe2+
28. Rxe2 Re8 29. Rxe8+ Rxe8 30. Nd4 Re3 31. Ne2 Qb5 32. Rc2 d4 33. Bxd4 Re8 34.
Bc5 Qd3 35. Rb2 Qf3+ 36. Bf2 Rd8 37. Ke1 Qd3 38. Bxa7 Re8 39. Kf2 Qc4 40. Bc5
Ra8 41. h4 f5 42. Rd2 Rxa2 43. Rxa2 Qxa2 44. Ke3 Kf7 45. Nd4 Qd5 46. Ne2 Qe4+
47. Kf2 Ke6 48. Bd4 Kd5 1-0

[Event "IV Trofeo Giorgio Porreca A"]
[Site "Napoli ITA"]
[Date "2014.10.16"]
[Round "4"]
[White "Schiappoli, Dario"]
[Black "Pellegrino, Carlo"]
[Result "1/2-1/2"]
[WhiteElo "1882"]
[BlackElo "1557"]
[PlyCount "43"]
[EventDate "2014.09.25"]

1. e4 d6 2. d4 Nf6 3. Nc3 e5 4. Nf3 Nbd7 5. Bc4 Be7 6. O-O O-O 7. h3 c6 8. a4
a5 9. Ba2 Qc7 10. Be3 b6 11. Bc4 Bb7 12. dxe5 dxe5 13. Qe2 Nc5 14. Bg5 Rad8 15.
Rfd1 h6 16. Bh4 Bc8 17. Bg3 Bd6 18. Rd2 Ne6 19. Rad1 Nh5 20. Bh4 g5 21. Bg3
Nxg3 22. fxg3 1/2-1/2

[Event "IV Trofeo Giorgio Porreca A"]
[Site "Napoli ITA"]
[Date "2014.10.16"]
[Round "4"]
[White "Buonanno, Raffaele"]
[Black "Esposito, Rosario"]
[Result "1/2-1/2"]
[WhiteElo "1644"]
[BlackElo "1805"]
[PlyCount "68"]
[EventDate "2014.09.25"]

1. d4 Nf6 2. c4 g6 3. Nc3 d5 4. cxd5 Nxd5 5. e4 Nxc3 6. bxc3 Bg7 7. Bc4 c5 8.
Ne2 O-O 9. Be3 Nc6 10. Rc1 a6 11. h4 Na5 12. Bd3 c4 13. Bc2 h5 14. Rb1 b5 15.
a4 Bd7 16. axb5 axb5 17. Bg5 Nb7 18. Qd2 Nd6 19. e5 Nf5 20. Bxf5 Bxf5 21. Rxb5
Ra1+ 22. Nc1 Qa8 23. f3 Qa3 24. Kf2 Qa6 25. Qb2 Rb1 26. Qxb1 Bxb1 27. Rxb1 Qa7
28. Be3 Qa8 29. Ne2 Rb8 30. Rxb8+ Qxb8 31. Ra1 e6 32. Ra4 Qc7 33. Ra8+ Kh7 34.
Bg5 Qd7 1/2-1/2

[Event "IV Trofeo Giorgio Porreca A"]
[Site "Napoli ITA"]
[Date "2014.10.16"]
[Round "4"]
[White "Auletta, Pasquale"]
[Black "Freda, Guido"]
[Result "0-1"]
[WhiteElo "1606"]
[BlackElo "1599"]
[PlyCount "46"]
[EventDate "2014.09.25"]

1. e4 c5 2. Nf3 d6 3. d4 cxd4 4. Nxd4 Nf6 5. Nc3 e5 6. Bb5+ Nbd7 7. Nf5 Qc7 8.
Bg5 a6 9. Bxd7+ Nxd7 10. Nd5 Qa5+ 11. Bd2 Qc5 12. Bb4 Qc6 13. Qd3 Nc5 14. Bxc5
dxc5 15. Nfe3 Bd6 16. Rd1 b5 17. c4 Bc7 18. cxb5 axb5 19. Qxb5 Ba5+ 20. Rd2
Qxb5 21. Nc2 Bxd2+ 22. Kxd2 Ra7 23. Nce3 Qxb2+ 0-1

[Event "IV Trofeo Giorgio Porreca A"]
[Site "Napoli ITA"]
[Date "2014.10.16"]
[Round "4"]
[White "Somma, Erminio"]
[Black "Carbone, Axel"]
[Result "1/2-1/2"]
[WhiteElo "1522"]
[BlackElo "1467"]
[PlyCount "70"]
[EventDate "2014.09.25"]

1. d4 d5 2. Nf3 e6 3. e3 c5 4. c3 Nf6 5. Bd3 Nc6 6. Nbd2 Be7 7. O-O cxd4 8.
exd4 O-O 9. Re1 a6 10. Qc2 b5 11. Ne5 Bb7 12. Ndf3 Rc8 13. a3 g6 14. Bh6 Re8
15. Nxc6 Bxc6 16. Ne5 Nd7 17. Nxg6 hxg6 18. Bxg6 Nf6 19. f3 Bf8 20. Bxf8 Kxf8
21. Bd3 Kg7 22. Re5 Nd7 23. Re2 e5 24. Rae1 e4 25. fxe4 dxe4 26. d5 Bxd5 27.
Bxe4 Bxe4 28. Rxe4 Rxe4 29. Qxe4 Nf6 30. Qf4 Rc4 31. Qg5+ Kh7 32. Qf5+ Kg7 33.
Qg5+ Kf8 34. Qh6+ Kg8 35. Qg5+ Kf8 1/2-1/2

[Event "IV Trofeo Giorgio Porreca A"]
[Site "Napoli ITA"]
[Date "2014.10.23"]
[Round "5"]
[White "Zinnai, Graziano Matteo"]
[Black "Buiano, Fabio"]
[Result "1-0"]
[WhiteElo "2082"]
[BlackElo "2083"]
[PlyCount "99"]
[EventDate "2014.09.25"]

1. e4 c5 2. c4 Nc6 3. Nc3 g6 4. g3 Bg7 5. Bg2 d6 6. Nge2 Nf6 7. d3 O-O 8. h3
Ne8 9. Be3 Nd4 10. Rb1 Nc7 11. a3 a5 12. O-O e5 13. b4 axb4 14. axb4 cxb4 15.
Rxb4 Na6 16. Rb1 Nc5 17. Bxd4 exd4 18. Nb5 Bd7 19. Nc1 Bc6 20. Qd2 f5 21. exf5
Rxf5 22. Nb3 Nxb3 23. Rxb3 Qd7 24. g4 Bxg2 25. Kxg2 Qc6+ 26. f3 Rf7 27. Ra3
Raf8 28. Na7 Qc5 29. Qa5 Be5 30. Qxc5 dxc5 31. Nb5 h5 32. Raa1 hxg4 33. fxg4
Rxf1 34. Rxf1 Rxf1 35. Kxf1 Kf7 36. Kf2 Kf6 37. h4 Ke6 38. Kf3 Bb8 39. Ke4 Bg3
40. h5 gxh5 41. gxh5 Be1 42. Nc7+ Kf6 43. Kd5 b6 44. Kc6 Ba5 45. Nd5+ Kg5 46.
Nxb6 Bb4 47. Nd7 Kxh5 48. Nxc5 Kg4 49. Kd5 Bc3 50. Ke4 1-0

[Event "IV Trofeo Giorgio Porreca A"]
[Site "Napoli ITA"]
[Date "2014.10.23"]
[Round "5"]
[White "Lombardo, Michele"]
[Black "Auletta, Angelo"]
[Result "1-0"]
[WhiteElo "2052"]
[BlackElo "2168"]
[PlyCount "83"]
[EventDate "2014.09.25"]

1. e4 c5 2. Nc3 e6 3. g3 d5 4. d3 dxe4 5. Nxe4 Be7 6. Be3 Nf6 7. Bg2 Qb6 8. Ne2
Nd5 9. Bc1 O-O 10. O-O Nc6 11. c3 Rd8 12. Qc2 e5 13. Kh1 Be6 14. Ng5 Bxg5 15.
Bxg5 f6 16. Bc1 Rd7 17. f4 Rad8 18. fxe5 Nxe5 19. d4 Nc6 20. dxc5 Qxc5 21. Bf4
Bf7 22. Rae1 Nxf4 23. Nxf4 Ne5 24. Rd1 Ng4 25. Rxd7 Rxd7 26. b4 Qe5 27. Qa4 Rd2
28. Qxa7 g5 29. Qxb7 gxf4 30. Qc8+ Kg7 31. Qxg4+ Bg6 32. gxf4 Qxc3 33. f5 Rd4
34. Qg3 Qxg3 35. hxg3 Bf7 36. a3 Rd3 37. Rf3 Rd2 38. Rc3 Bh5 39. Rb3 Rd1+ 40.
Kh2 Bg4 41. b5 Bxf5 42. b6 1-0

[Event "IV Trofeo Giorgio Porreca A"]
[Site "Napoli ITA"]
[Date "2014.10.23"]
[Round "5"]
[White "Somma, Andrea"]
[Black "Messina, Enrico"]
[Result "0-1"]
[WhiteElo "1866"]
[BlackElo "2135"]
[PlyCount "66"]
[EventDate "2014.09.25"]

1. e4 c5 2. Nf3 d6 3. d3 Nc6 4. c3 g6 5. Be2 Bg7 6. Be3 e5 7. h3 Nge7 8. O-O
O-O 9. Qd2 b6 10. Bh6 d5 11. Bxg7 Kxg7 12. Re1 d4 13. cxd4 cxd4 14. Bf1 f6 15.
Na3 Be6 16. b3 Qd6 17. Nc4 Bxc4 18. bxc4 g5 19. g4 Ng6 20. a4 Nf4 21. Reb1 h5
22. Ne1 hxg4 23. hxg4 Rh8 24. Ra2 Rh4 25. f3 Rah8 26. Bg2 f5 27. exf5 Qh6 28.
Kf2 Rh1 29. Bxh1 Qh4+ 30. Kf1 Qxh1+ 31. Kf2 Rh2+ 32. Kg3 Qg1+ 33. Ng2 Rh3# 0-1

[Event "IV Trofeo Giorgio Porreca A"]
[Site "Napoli ITA"]
[Date "2014.10.23"]
[Round "5"]
[White "Gonzini, Gianmaria"]
[Black "Ficco, Corrado"]
[Result "1/2-1/2"]
[WhiteElo "1967"]
[BlackElo "2027"]
[PlyCount "41"]
[EventDate "2014.09.25"]

1. Nf3 g6 2. h4 h6 3. d4 Bg7 4. e4 d6 5. c3 e6 6. Bd3 a6 7. a4 b6 8. Qe2 Bb7 9.
Na3 Ne7 10. Nc2 Nd7 11. Ne3 Qb8 12. Bd2 Qa7 13. b4 Rd8 14. c4 c5 15. Bc3 cxb4
16. Bxb4 Nc5 17. Nc2 Nxd3+ 18. Qxd3 Qa8 19. Nd2 a5 20. Bc3 O-O 21. d5 1/2-1/2

[Event "IV Trofeo Giorgio Porreca A"]
[Site "Napoli ITA"]
[Date "2014.10.23"]
[Round "5"]
[White "Ghiani, Marco"]
[Black "Esposito, Luca"]
[Result "0-1"]
[WhiteElo "1683"]
[BlackElo "2195"]
[PlyCount "92"]
[EventDate "2014.09.25"]

1. d4 f5 2. c4 Nf6 3. Nc3 g6 4. Nf3 Bg7 5. g3 O-O 6. Bg2 d6 7. O-O c6 8. Re1
Na6 9. h3 Nc7 10. Qc2 Be6 11. b3 d5 12. Ba3 Ne4 13. e3 Rc8 14. Nxe4 fxe4 15.
Ng5 Bf5 16. g4 Bd7 17. f3 h6 18. Nxe4 dxe4 19. Qxe4 c5 20. Bxc5 Ne6 21. Ba3 Ng5
22. Qxe7 Nxf3+ 23. Bxf3 Qxe7 24. Bxe7 Rxf3 25. Kg2 Rf7 26. Bd6 Bc6+ 27. Kh2
Rf2+ 28. Kg1 Rg2+ 29. Kf1 Be4 30. Re2 Rxe2 31. Kxe2 Re8 32. Rd1 Re6 33. Bb4 Rf6
34. Rd2 Rf3 35. h4 Rg3 36. g5 hxg5 37. hxg5 Rxg5 38. d5 Be5 39. Bc5 Rg2+ 40.
Kd1 Rg1+ 41. Ke2 Bc3 42. Rd1 Bf3+ 43. Kxf3 Rxd1 44. e4 Be5 45. Bxa7 Rd2 46. c5
Rxa2 0-1

[Event "IV Trofeo Giorgio Porreca A"]
[Site "Napoli ITA"]
[Date "2014.10.23"]
[Round "5"]
[White "Soave, Vittorio"]
[Black "Cosenza, Gianni"]
[Result "0-1"]
[WhiteElo "1658"]
[BlackElo "1946"]
[PlyCount "98"]
[EventDate "2014.09.25"]

1. d4 d5 2. c4 c6 3. Nf3 Nf6 4. Nc3 e6 5. e3 Nbd7 6. Qc2 Be7 7. e4 dxe4 8. Nxe4
Nxe4 9. Qxe4 Nf6 10. Qh4 Qa5+ 11. Bd2 Qf5 12. Ne5 Ne4 13. Qf4 Bb4 14. Qxf5
Bxd2+ 15. Ke2 exf5 16. f3 Ba5 17. fxe4 fxe4 18. c5 Be6 19. Ke3 Bd5 20. g3 O-O
21. Bh3 f6 22. Ng4 Bc7 23. Raf1 Rae8 24. Nf2 f5 25. Nd1 g6 26. Nc3 Bc4 27. Rf2
h5 28. Rg1 Kg7 29. Bf1 Bg8 30. Bh3 h4 31. Ne2 hxg3 32. hxg3 Rd8 33. b3 b6 34.
b4 bxc5 35. bxc5 Bxa2 36. g4 f4+ 37. Nxf4 Bxf4+ 38. Rxf4 Rxf4 39. Kxf4 Rxd4 40.
Re1 Bd5 41. Ra1 Rd3 42. Rxa7+ Kf8 43. Ra8+ Ke7 44. Ra7+ Kd8 45. Ra8+ Kc7 46.
Bg2 e3 47. Bf1 Rc3 48. Re8 Kd7 49. Rxe3 g5+ 0-1

[Event "IV Trofeo Giorgio Porreca A"]
[Site "Napoli ITA"]
[Date "2014.10.23"]
[Round "5"]
[White "Melchior, Alex"]
[Black "Caiazzo, Diego"]
[Result "1-0"]
[WhiteElo "1920"]
[BlackElo "1754"]
[PlyCount "75"]
[EventDate "2014.09.25"]

1. d4 e6 2. e4 d5 3. e5 c5 4. c3 Nc6 5. Nf3 Qb6 6. Bd3 cxd4 7. cxd4 Bd7 8. O-O
Nxd4 9. Nxd4 Qxd4 10. Nc3 a6 11. Qe2 Ne7 12. Kh1 Nc6 13. f4 Nb4 14. Rd1 Nxd3
15. Rxd3 Qa7 16. f5 O-O-O 17. Be3 b6 18. Rc1 Kb8 19. a4 Bc5 20. b4 Bxe3 21.
Qxe3 Qb7 22. a5 Rc8 23. axb6 Rc6 24. b5 Rxb6 25. bxa6 Qxa6 26. Rd2 Qb7 27. Ra2
Rc8 28. h3 Rb3 29. fxe6 fxe6 30. Kh2 h6 31. Qd2 Rc4 32. Ne2 Rxc1 33. Nxc1 Rb5
34. Nd3 Qb6 35. Qf4 Rb3 36. Qf8+ Kb7 37. Qa8+ Kc7 38. Ra7+ 1-0

[Event "IV Trofeo Giorgio Porreca A"]
[Site "Napoli ITA"]
[Date "2014.10.23"]
[Round "5"]
[White "Di Meo, Antonio"]
[Black "Pellegrino, Giovanni"]
[Result "1-0"]
[WhiteElo "1874"]
[BlackElo "1406"]
[PlyCount "103"]
[EventDate "2014.09.25"]

1. b3 d5 2. Bb2 Bf5 3. f4 Nc6 4. Nf3 e6 5. e3 Nf6 6. Bb5 Qd7 7. Ne5 Qd6 8. Ba3
Qd8 9. Nxc6 bxc6 10. Bxc6+ Nd7 11. Bxa8 Bxa3 12. Nxa3 Qxa8 13. Nb5 Qc6 14. Nd4
Qb6 15. Nxf5 exf5 16. g4 Qe6 17. Rg1 g6 18. g5 d4 19. Rg3 c5 20. Qf3 Qe4 21.
Qxe4+ fxe4 22. Ke2 O-O 23. h4 Nb8 24. Rh1 Nc6 25. h5 Ne7 26. Rgh3 Nf5 27. hxg6
fxg6 28. Kd1 Rf7 29. Kc1 Rd7 30. Re1 Rd6 31. exd4 cxd4 32. Rxe4 a6 33. Re8+ Kg7
34. Ra8 Re6 35. Ra7+ Re7 36. Rxa6 Re1+ 37. Kb2 Re7 38. a4 Re2 39. Ra7+ Re7 40.
Ra8 Re2 41. Rd3 Re7 42. a5 Rd7 43. a6 h6 44. Rb8 Ra7 45. Rb7+ Rxb7 46. axb7
hxg5 47. b8=Q gxf4 48. Qxf4 Kf7 49. Rxd4 g5 50. Qxf5+ Ke8 51. Rd7 g4 52. Qf7#
1-0

[Event "IV Trofeo Giorgio Porreca A"]
[Site "Napoli ITA"]
[Date "2014.10.23"]
[Round "5"]
[White "Esposito, Rosario"]
[Black "Schiappoli, Dario"]
[Result "1-0"]
[WhiteElo "1805"]
[BlackElo "1882"]
[PlyCount "101"]
[EventDate "2014.09.25"]

1. d4 Nf6 2. c4 e5 3. dxe5 Ng4 4. Bf4 Bb4+ 5. Nd2 Nc6 6. Ngf3 Qe7 7. e3 Ngxe5
8. Nxe5 Nxe5 9. Be2 g5 10. Bxe5 Qxe5 11. Qc2 a5 12. O-O d6 13. Nf3 Qf6 14. Qe4+
Kd8 15. Qd4 Qxd4 16. exd4 g4 17. Ng5 Rg8 18. Nxf7+ Ke7 19. a3 Bd2 20. Rad1 Bf4
21. g3 Kxf7 22. gxf4 Bf5 23. Bd3 Kf6 24. Rfe1 Rae8 25. Re3 Bxd3 26. Rdxd3 Kf5
27. Rxe8 Rxe8 28. Re3 Re4 29. Rxe4 Kxe4 30. d5 Kxf4 31. b4 h5 32. Kg2 h4 33. h3
gxh3+ 34. Kxh3 Kf3 35. Kxh4 axb4 36. axb4 Kxf2 37. c5 Ke3 38. b5 Kd4 39. b6
dxc5 40. bxc7 Kxd5 41. c8=Q b5 42. Qb7+ Kc4 43. Qe4+ Kb3 44. Qd3+ Kb4 45. Qb1+
Kc4 46. Qc2+ Kb4 47. Qb2+ Kc4 48. Kg4 b4 49. Kf4 Kb5 50. Ke4 c4 51. Kd5 1-0

[Event "IV Trofeo Giorgio Porreca A"]
[Site "Napoli ITA"]
[Date "2014.10.23"]
[Round "5"]
[White "Solombrino, Giovanni"]
[Black "Buonanno, Raffaele"]
[Result "0-1"]
[WhiteElo "1864"]
[BlackElo "1644"]
[PlyCount "85"]
[EventDate "2014.09.25"]

1. e4 d6 2. d4 g6 3. Nf3 Bg7 4. Nc3 Nf6 5. Be2 Bg4 6. O-O O-O 7. Be3 Nc6 8. d5
Bxf3 9. Bxf3 Ne5 10. Be2 c6 11. f4 Ned7 12. dxc6 bxc6 13. Qd2 Qc7 14. Rfd1 Rfd8
15. g4 Nb6 16. a4 d5 17. a5 Nc8 18. exd5 cxd5 19. g5 Ne8 20. Nxd5 Qd7 21. Bf3
Rb8 22. Qe2 Ncd6 23. Bg4 e6 24. c3 Rb5 25. Nb4 Qc7 26. Bf3 Rdb8 27. Bc6 Rxb4
28. Bxe8 Rxb2 29. Qd3 Nxe8 30. Rac1 Qb7 31. Rc2 Rxc2 32. Qxc2 Rc8 33. c4 Qc7
34. c5 Bf8 35. c6 Qxc6 36. Qxc6 Rxc6 37. Rd8 Nd6 38. Bxa7 Nb7 39. Ra8 Nxa5 40.
Bd4 Nb7 41. Bf6 Rc7 42. Be5 Rd7 43. Ra7 {...} 0-1

[Event "IV Trofeo Giorgio Porreca A"]
[Site "Napoli ITA"]
[Date "2014.10.23"]
[Round "5"]
[White "Pellegrino, Carlo"]
[Black "Di Gennaro, Antonio"]
[Result "1/2-1/2"]
[WhiteElo "1557"]
[BlackElo "1666"]
[PlyCount "37"]
[EventDate "2014.09.25"]

1. d4 e6 2. Nf3 f5 3. Bf4 Nf6 4. e3 c6 5. Be2 Be7 6. Ne5 O-O 7. O-O d6 8. Nd3
Nbd7 9. Nd2 d5 10. a4 b6 11. c3 Ba6 12. Nf3 Bxd3 13. Bxd3 Ne4 14. Ne5 Nxe5 15.
Bxe5 Qe8 16. f3 Nd6 17. b3 Nf7 18. f4 Nxe5 19. fxe5 1/2-1/2

[Event "IV Trofeo Giorgio Porreca A"]
[Site "Napoli ITA"]
[Date "2014.10.23"]
[Round "5"]
[White "Sparice, Lorenzo"]
[Black "Auletta, Pasquale"]
[Result "0-1"]
[WhiteElo "1475"]
[BlackElo "1606"]
[PlyCount "72"]
[EventDate "2014.09.25"]

1. Nf3 Nf6 2. d4 e6 3. e3 b6 4. Bd3 Bb7 5. O-O c5 6. b3 Qc7 7. Bb2 Ng4 8. Nbd2
cxd4 9. exd4 d5 10. Qe2 Bd6 11. Ne5 Nxe5 12. dxe5 Bc5 13. Kh1 Nc6 14. f4 Nb4
15. a3 Nxd3 16. cxd3 d4 17. Ne4 Rd8 18. b4 Be7 19. Rac1 Qb8 20. Rc4 Ba6 21.
Rxd4 Rxd4 22. Bxd4 Qd8 23. Rd1 Qxd4 24. Nf2 Qxf4 25. Qb2 Bh4 26. Ne4 Bxd3 27.
Nd6+ Ke7 28. Qc3 Bc4 29. Nxc4 Rc8 30. Qd4 Qxd4 31. Rxd4 b5 32. Ne3 Bf2 33. Nf5+
exf5 34. Rd1 Be3 35. g3 Rc1 36. Rxc1 Bxc1 0-1